PRINCIPLES OF HOSPITAL ADMINISTRATION & PLANNING (Record no. 9216)

MARC details
000 -LEADER
fixed length control field 00455nam a22001697a 4500
003 - CONTROL NUMBER IDENTIFIER
control field SGT
020 ## - INTERNATIONAL STANDARD BOOK NUMBER
International Standard Book Number 9788184486322
082 ## - DEWEY DECIMAL CLASSIFICATION NUMBER
Classification number 362,SAK
100 ## - MAIN ENTRY--PERSONAL NAME
Personal name SAKHARKAR , B M.
245 ## - TITLE STATEMENT
Title PRINCIPLES OF HOSPITAL ADMINISTRATION & PLANNING
250 ## - EDITION STATEMENT
Edition statement 2ND
260 ## - PUBLICATION, DISTRIBUTION, ETC. (IMPRINT)
Place of publication, distribution, etc NEW DELHI
Name of publisher, distributor, etc JAYPEE
Year of Publication 2009
300 ## - PAGE DESCRIPTION
No. of Pages 381
650 ## - SUBJECT ADDED ENTRY--TOPICAL TERM
Topical term or geographic name as entry element SOCIAL PROBLEMS AND SERVICES
653 ## - KEYWORDS--INDEX TERM
Keyword term ROLE OF HOSPITALS IN HEALTH CARE,HOSPITAL PLANNING AND DESIGN
942 ## - ADDED ENTRY ELEMENTS (KOHA)
Source of classification or shelving scheme Dewey Decimal Classification
Koha item type FCM Books
942 ## - ADDED ENTRY ELEMENTS (KOHA)
-- 11
Holdings
Withdrawn status Lost status Source of classification or shelving scheme Damaged status Not for loan Collection code Home library Current library Shelving location Date acquired Vendor Name Cost, normal purchase price SGTU Bill Number Total Checkouts Full call number Accession No. (Barcode) Date last seen Date last borrowed Bill Date Koha item type
    Dewey Decimal Classification     COMMERCE MANAGEMENT SGT Science & Social Sciences Library SGT Science & Social Sciences Library Text Book 23/06/2016 jaypee brothers 495.00 SGTU 177 9 362,SAK CM193 22/04/2024 01/04/2024   FCM Books
    Dewey Decimal Classification     COMMERCE MANAGEMENT SGT Science & Social Sciences Library SGT Science & Social Sciences Library Text Book 23/06/2016 jaypee brothers 495.00 SGTU 177   362,SAK CM194 23/06/2016     FCM Books
    Dewey Decimal Classification     COMMERCE MANAGEMENT SGT Science & Social Sciences Library SGT Science & Social Sciences Library Text Book 23/06/2016 jaypee brothers 495.00 SGTU 177 8 362,SAK CM195 20/03/2025 20/03/2025   FCM Books
    Dewey Decimal Classification   Not For Loan COMMERCE MANAGEMENT SGT Science & Social Sciences Library SGT Science & Social Sciences Library Reference Book 23/06/2016 jaypee brothers 495.00 SGTU 177   362,SAK CM196 23/06/2016     FCM Books
    Dewey Decimal Classification     COMMERCE MANAGEMENT SGT Science & Social Sciences Library SGT Science & Social Sciences Library Text Book 23/06/2016 jaypee brothers 495.00 SGTU 177 10 362,SAK CM197 09/04/2024 02/04/2024   FCM Books